Darts PDC Players' Player of the Year - Statistiken

Allgemein
  • Dieses Quiz wurde 369 mal gespielt
    197 seit der letzten Aktualisierung
  • Das Durchschnittsergebnis liegt bei 15 aus 18
Antwortstatistiken
Jahr Nationalität Spieler % Korrekt
2020 Wales Gerwyn Price
97%
2012 Niederlande Michael van Gerwen
97%
2015 Niederlande Michael van Gerwen
97%
2016 Niederlande Michael van Gerwen
97%
2008 England Phil Taylor
97%
2009 England Phil Taylor
97%
2013 Schottland Peter Wright
95%
2019 Schottland Peter Wright
95%
2014 Schottland Gary Anderson
94%
2021 Wales Jonny Clayton
94%
2023 England Luke Humphries
94%
2018 England Michael Smith
94%
2022 England Michael Smith
94%
2010 Australien Simon Whitlock
87%
2017 England Rob Cross
83%
2007 England James Wade
69%
2006 England Dennis Priestley
18%
2011 England Justin Pipe
9%
Keine übereinstimmenden Quizze gefunden
Verteilung der Resultate
Anzahl Personen mit jedem Resultat
Perzentil nach korrekt beantworteten Fragen
Ihre Resultats-Entwicklung
Sie haben dieses Quiz seit der letzten Aktualisierung nicht gespielt